Viro, Latvia vai Liettua - Statistics

Yleistilastot
  • Tätä visaa on pelattu 67 kertaa
  • Keskiarvotulos 10 / 15
Vastaustilastot
Kysymys Vastaus % Oikein
Saarenmaa ja Hiidenmaa kuuluvat tähän maahan. Viro
100%
Maalla ei ole rajaa Manner-Venäjän kanssa. Liettua
90%
Kieli ei kuulu balttilaisiin kieliin. Viro
90%
Maan ensimmäinen presidentti oli Konstantin Päts. Viro
85%
Lentoyhtiö AirBaltic on peräisin tästä maasta. Latvia
75%
Maassa on korkein HDI ja asukaskohtainen BKT. Viro
75%
Presidentti Relander teki vuonna 1925 Suomen presidenttien ensimmäisen valtiovierailun tähän maahan. Viro
75%
Suosituin urheilulaji on jääkiekko. Latvia
70%
Enemmistö asukkaista on katolilaisia. Liettua
65%
Väkiluvultaan suurin Liettua
60%
Pinta-alaltaan suurin Liettua
55%
Otti euron käyttöön viimeisenä. Liettua
40%
Viimeinen EU-maa, jossa laki mahdollisti kuolemanrangaistuksen. Latvia
35%
Maassa on vain kolme lentoasemaa. Latvia
35%
Maassa asuu näistä maista eniten venäläisiä. Latvia
30%
Ehtoja vastaavia visoja ei löytynyt
Tulosjakauma
Jokaisen tuloksen saaneiden osuus
Persentiili vastausten määrän mukaan
Tuloshistoriasi
Et ole pelannut tätä visaa